000 00674nam a2200217 i 4500
001 35328
003 ES-MaACL
005 20230906155116.0
007 t|
008 030212s1921 sp ||||1| spa d
080 _a821.111-992"18"
080 _a913(460)"18"
100 1 _aBorrow, George Henry (
_d1803-1881)
_930609
245 1 3 _aLa Biblia en España /
_cpor Borrow ; traducción por Manuel Azaña.
260 _aMadrid :
_bJiménez-Fraud,
_c[1921] (
_fImp. Clásica Española)
300 _a3 v. ;
_c16 cm.
651 4 _aEspaña-
_xDescripción.
_98184
700 1 _aAzaña, Manuel,
_d1880-1940
_924223
852 _aES-MaACL
_jF-444-46
999 _c35328
_d35328